000 00670cam a2200217 4500500
005 20260405004113.0
041 _afre
042 _adc
100 1 0 _aLarmagnac-Matheron, Octave
_eauthor
245 0 0 _aLes moines ont-ils inventé le burn-out ?
260 _c2023.
500 _a55
690 _aBurn out
690 _aContemplation
690 _aEnnui
690 _aFatigue
690 _aOisiveté
690 _aTravail
786 0 _nPhilosophie magazine - Hors séries | Hors série - Été 2023 | HS58 | 2023-07-01 | p. 20-20 | 2104-9246
856 4 1 _uhttps://shs.cairn.info/magazine-philosophie-magazine-hs58-page-20?lang=fr&redirect-ssocas=7080
999 _c2073724
_d2073724